Computer aided roll design for open sections in roll forming process / (رقم التسجيلة. 13150)

تفاصيل مارك
000 -LEADER
fixed length control field 015790000a22003370004500
003 - CONTROL NUMBER IDENTIFIER
control field EG-GICUC
005 - DATE AND TIME OF LATEST TRANSACTION
control field 20250223025439.0
008 - FIXED-LENGTH DATA ELEMENTS--GENERAL INFORMATION
fixed length control field 080909s2008 ua e f m 000 0 eng d
040 ## - CATALOGING SOURCE
Original cataloging agency EG-GICUC
Language of cataloging eng
Transcribing agency EG-GICUC
041 0# - LANGUAGE CODE
Language code of text/sound track or separate title Eng
049 ## - LOCAL HOLDINGS (OCLC)
Holding library Deposite
097 ## - Thesis Degree
Thesis Level M.Sc
099 ## - LOCAL FREE-TEXT CALL NUMBER (OCLC)
Classification number Cai01.13.13.M.Sc.2008.Mo.C
100 0# - MAIN ENTRY--PERSONAL NAME
Personal name Mohamad Saber Mahmoud
245 10 - TITLE STATEMENT
Title Computer aided roll design for open sections in roll forming process /
Statement of responsibility, etc. Mohamad Saber Mahmoud ; Supervised Abdullah Wifi , Alaa Almokadem
246 15 - VARYING FORM OF TITLE
Title proper/short title تصميم الدرافيل بمساعدة الحاسب للقطاعات المفتوحة فى عملية التشكيل بالدرافيل
260 ## - PUBLICATION, DISTRIBUTION, ETC.
Place of publication, distribution, etc. Cairo :
Name of publisher, distributor, etc. Mohamad Saber Mahmoud ,
Date of publication, distribution, etc. 2008
300 ## - PHYSICAL DESCRIPTION
Extent 89P. :
Other physical details charts ;
Dimensions 30cm
502 ## - DISSERTATION NOTE
Dissertation note Thesis (M.Sc.) - Cairo University - Faculty Of Engineering - Department Of Mechanical Design and Production
520 ## - SUMMARY, ETC.
Summary, etc. Cold roll forming (CRF) is a very popular and well known sheet metal forming process for the production of a variety of section profiles in a wide range of ferrous and non - ferrous materials with no restrictions in length.Therefore , the proper design of rolls to achieve the required sections remained as an art that calls for extensive experience
530 ## - ADDITIONAL PHYSICAL FORM AVAILABLE NOTE
Additional physical form available note Issued also as CD
653 #4 - INDEX TERM--UNCONTROLLED
Uncontrolled term Design
653 #4 - INDEX TERM--UNCONTROLLED
Uncontrolled term Forming
653 #4 - INDEX TERM--UNCONTROLLED
Uncontrolled term Roll
700 0# - ADDED ENTRY--PERSONAL NAME
Personal name Abdullah Shaban Wifi ,
Relator term
700 0# - ADDED ENTRY--PERSONAL NAME
Personal name Alaa Almokadem ,
Relator term
856 ## - ELECTRONIC LOCATION AND ACCESS
Uniform Resource Identifier <a href="http://172.23.153.220/th.pdf">http://172.23.153.220/th.pdf</a>
905 ## - LOCAL DATA ELEMENT E, LDE (RLIN)
Cataloger Mustafa
Reviser Revisor
905 ## - LOCAL DATA ELEMENT E, LDE (RLIN)
Cataloger Samia
Reviser Cataloger
942 ## - ADDED ENTRY ELEMENTS (KOHA)
Source of classification or shelving scheme Dewey Decimal Classification
Koha item type Thesis
المقتنيات
Source of classification or shelving scheme Not for loan Home library Current library Date acquired Full call number Barcode Date last seen Koha item type Copy number
Dewey Decimal Classification   المكتبة المركزبة الجديدة - جامعة القاهرة قاعة الرسائل الجامعية - الدور الاول 11.02.2024 Cai01.13.13.M.Sc.2008.Mo.C 01010110049828000 22.09.2023 Thesis  
Dewey Decimal Classification   المكتبة المركزبة الجديدة - جامعة القاهرة مخـــزن الرســائل الجـــامعية - البدروم 11.02.2024 Cai01.13.13.M.Sc.2008.Mo.C 01020110049828000 22.09.2023 CD - Rom 49828.CD
Cairo University Libraries Portal Implemented & Customized by: Eng. M. Mohamady Contacts: new-lib@cl.cu.edu.eg | cnul@cl.cu.edu.eg
CUCL logo CNUL logo
© All rights reserved — Cairo University Libraries
CUCL logo
Implemented & Customized by: Eng. M. Mohamady Contact: new-lib@cl.cu.edu.eg © All rights reserved — New Central Library
CNUL logo
Implemented & Customized by: Eng. M. Mohamady Contact: cnul@cl.cu.edu.eg © All rights reserved — Cairo National University Library